| 000 | 00742nam a22001935i 4500 | ||
|---|---|---|---|
| 001 | 54109 | ||
| 003 | ES-MaACL | ||
| 005 | 20250823004921.0 | ||
| 007 | t| | ||
| 008 | 960712s1840 sp ||||1| spa d | ||
| 040 |
_aCAM _bspa _cCAM |
||
| 100 | 1 |
_aFétis, François Joseph. _950629 |
|
| 245 | 1 | 3 |
_aLa música puesta al alcance de todos o sea Breve esposicion de todo lo que es necesario para juzgar de esta arte y hablar de ella sin haberla estudiado / _cescrita en francés por F. J. Fetis; traducida y anotada por A. F. S. |
| 260 |
_aBarcelona : _b[s.n.], _c1840 ( _fImprenta de Joaquín Verdaguer) |
||
| 300 |
_aVIII, 235, [3] p. ; _c18 cm. |
||
| 650 | 7 |
_aMúsica _2embne _915376 |
|
| 852 |
_aES-MaACL _jD-1065 |
||
| 999 |
_c54109 _d54109 |
||